00331nam a2200121Ia 4500008004100000040001600041041001200057082001500069100002300084245005100107260003500158300001600193230917s9999||||xx |||||||||||||| ||und|| e44653aMAIN aEnglish a294.6 G41H aGill, Pritam Singh 0aHeritage of Sikh culture: society morality art aJullundharbNew Academicc1975 axiv, 240 p.